000 00861nam a2200229Ia 4500
999 _c39470
_d39470
001 6064
003 GE_BSU
005 20190920112703.0
008 181216s1962||||ge |||||||||||||| ||geo||
040 _cGE_BSU
041 _ageo
080 _a821.353.1-1 ა-76
100 _aარაბული, ირაკლი
_94168
245 _aთორელის სიმღერა /
_cარაბული, ირაკლი ; რედ. ილ. ხოშტარია.
264 _aთბილისი :
_bსაბჭოთა საქართველო ;
_c1967.
300 _a66 გვ. ;
_c15 სმ.
653 _aთორელის სიმღერა
653 _aლექსები
653 _aბალადები
700 _a ხოშტარია, ილ.
_eრედაქტორი
_94170
942 _cBK
_2udc